Statystyki dla Państwa europejskie bez litery E

Kliknij tutaj aby rozwiązać quiz!

Ogólne statystyki

  • Ten quiz został rozwiązany 873 razy
  • Średni wynik to 27 z 30

Statystyki odpowiedzi

Kraj% Poprawnych
Polska
99%
Hiszpania
96%
Francja
95%
Rosja
95%
Litwa
94%
Portugalia
94%
Łotwa
93%
Słowacja
93%
Finlandia
92%
Irlandia
92%
Ukraina
92%
Włochy
92%
Albania
91%
Białoruś
90%
Dania
90%
Andora
89%
Holandia
89%
Islandia
88%
Watykan
88%
Austria
86%
Bułgaria
86%
Rumunia
86%
Chorwacja
85%
San Marino
82%
Szwajcaria
82%
Monako
81%
Czarnogóra
80%
Kosowo
80%
Malta
80%
Mołdawia
79%

Rozkład punktacji

Percentyl według liczby udzielonych odpowiedzi

Procent ludzi z każdym wynikiem

Twoja historia wyników

Nie rozwiązałeś tego quizu